Statistics for Flag of European Subdivision by Country #3

Click here to take the quiz!

General Stats

  • This quiz has been taken 70 times
    (63 since last reset)
  • The average score is 6 of 16

Answer Stats

Answer% Correct
France (Corsica)
95%
Italy (Sardinia)
91%
United Kingdom (Jersey)
77%
Switzerland (Zürich)
49%
Bosnia and Herzegovina (Republika Srpska)
42%
Germany (Mecklenburg-Vorpommern)
37%
Greece (Attica)
33%
Russia (Rostov)
33%
Poland (Kuyavia-Pomerania)
26%
Iceland (Reykjavík)
23%
Ukraine (Ivano-Frankivsk)
23%
Denmark (Sjælland)
21%
Estonia (Harju)
19%
Finland (Uusimaa)
19%
Hungary (Győr-Moson-Sopron)
16%
Ireland (Dublin)
14%

Score Distribution

Percentile by Number Answered

Percent of People with Each Score

Your Score History

You have not taken this quiz since the last reset